01542nam a22003017a 4500003000500000005001700005008004100022020002900063040002300092082001600115100004500131245002600176250001900202260004900221300004400270500002400314520020100338521002400539546001300563700004000576942003300616999001900649952011700668952010500785952011500890952011501005952012001120322820220926120319.0220301b sa ||||| |||| 00| 0 eng d a9780805094138qpaperback bEnglishc3228eRDA a813.6bKELL aJacqueline Kellyd[2012]eAuthor9130597 aReturn to the willows aFirst edition. aNew York :b Henry Holt and company,c 2012. a281 pages.:bcolor illustrations;c21cm acolor Illustrations aIn this sequel to Kenneth Grahame's classic "The Wind in the Willows," the escapades continue for four animal friends who live along a river in the English countryside--Toad, Mole, Rat, and Badger a Juvenile fiction. aEnglish. aClint Young.eillustrations9130598 2ddccBKy162zElsie Maluleke c630960d630959 00102ddc40708800aKWAMLbMAPHLcFICd2022-03-01l0o813.6 KELLp33228031020255r2022-03-01w2022-03-01yBOOK 00102ddc4070aLYDELbMKHULcFICd2022-09-26oEKF KELLp33228031027013r2022-09-26w2022-09-26yBK 00102ddc40708800aLYDELbTHULLcFICd2023-09-18l0o813.6 KELLp33228031025878r2023-09-18w2023-09-18yBK 00102ddc40708800aERMELbAMSTLcFICd2024-04-09l0o813.6 KELLp33228031003337r2024-04-09w2024-04-09yBK 00102ddc40708FaSILILbSILILcCHILDd2026-03-13g140.00l0oEJF KELLp3322803174015r2026-03-13w2026-03-13yBK